Lanean...

Human rights and intellectual property : mapping the global interface /

"This book explores the interface between intellectual property and human rights law and policy. The relationship between these two fields has captured the attention of governments, policymakers, and activist communities in a diverse array of international and domestic political and judicial ve...

Deskribapen osoa

Xehetasun bibliografikoak
Egile nagusia: Helfer, Laurence R.
Beste egile batzuk: Austin, Graeme W.
Formatua: Printed Book
Argitaratua: Cambridge ; New York : Cambridge University Press, 2011.
Gaiak:
Sarrera elektronikoa:http://www.loc.gov/catdir/toc/fy11pdf02/2010031359.html
LEADER 01983cam a2200229 a 4500
999 |c 212592  |d 212592 
020 |a 9780521884372 (hbk.) 
020 |a 9780521711258 (pbk.) 
082 0 0 |a 341.758  |b HEL.H 
100 1 |a Helfer, Laurence R. 
245 1 0 |a Human rights and intellectual property :  |b mapping the global interface /  |c Laurence R. Helfer, Graeme W. Austin. 
260 |a Cambridge ;  |a New York :  |b Cambridge University Press,  |c 2011. 
300 |a xvi, 550 p. ; 
504 |a Includes bibliographical references (p. 523-541) and index. 
520 |a "This book explores the interface between intellectual property and human rights law and policy. The relationship between these two fields has captured the attention of governments, policymakers, and activist communities in a diverse array of international and domestic political and judicial venues. These actors often raise human rights arguments as counterweights to the expansion of intellectual property in areas including freedom of expression, public health, education, privacy, agriculture, and the rights of indigenous peoples. At the same time, creators and owners of intellectual property are asserting a human rights justification for the expansion of legal protections. This book explores the legal, institutional, and political implications of these competing claims: by offering a framework for exploring the connections and divergences between these subjects; by identifying the pathways along which jurisprudence, policy, and political discourse are likely to evolve; and by serving as an educational resource for scholars, activists, and students"-- 
650 0 |a Intellectual property. 
650 0 |a Intellectual property (International law) 
650 0 |a Human rights. 
700 1 |a Austin, Graeme W. 
856 4 1 |u http://www.loc.gov/catdir/toc/fy11pdf02/2010031359.html 
942 |c BK 
952 |0 0  |1 0  |4 0  |6 341_758000000000000_HEL_H  |7 0  |9 226169  |a LAW  |b LAW  |d 2019-11-16  |l 0  |o 341.758 HEL.H  |p LAW4010  |r 2019-11-16  |w 2019-11-16  |y BK